[Event "Online Olym Top DivB 2020"]
[Site "chess.com INT"]
[Date "2020.08.21"]
[Round "3.2"]
[Board "3"]
[White "Van Zyl, Charlize"]
[Black "Mamedjarova, Turkan"]
[Result "1/2-1/2"]
[WhiteTitle "WIM"]
[BlackTitle "WGM"]
[WhiteElo "1686"]
[BlackElo "2309"]
[WhiteTeam "South Africa"]
[BlackTeam "Azerbaijan"]
[WhiteFideId "14307120"]
[BlackFideId "13402005"]
[EventDate "2020.08.21"]
[EventType "team"]

1. d4 d5 2. Bf4 Nf6 3. e3 e6 4. Nd2 Bd6 5. Bg3 O-O 6. Ngf3 c5 7. c3 Nc6 8. Bd3
b6 9. e4 dxe4 10. Nxe4 Nxe4 11. Bxe4 Bb7 12. dxc5 Bxc5 13. Qa4 Rc8 14. Rd1 Qe7
15. b4 f5 16. Bc2 Nxb4 17. cxb4 Bxb4+ 18. Kf1 Bxf3 19. gxf3 f4 20. Kg2 fxg3 21.
hxg3 h6 22. Rd7 Qf6 23. Be4 a5 24. Qb5 Bc5 25. Qd3 Rcd8 26. Rd1 Rxd7 27. Qxd7
Qe5 28. Qc6 Kh8 29. Rd7 Qb2 30. Qxe6 Qxf2+ 31. Kh3 Qf1+ 32. Kg4 h5+ 33. Kxh5
Qh1+ 34. Kg4 Bb4 35. Qg6 Bc3 36. Qd6 Bb4 37. Qg6 Bc3 38. Qd6 Bb4 39. Qg6 1/2-1/2

[Event "Online Olym Top DivB 2020"]
[Site "chess.com INT"]
[Date "2020.08.21"]
[Round "3.3"]
[Board "4"]
[White "Afraoui, Solenn"]
[Black "Zhukova, Natalia"]
[Result "1/2-1/2"]
[BlackTitle "GM"]
[WhiteElo "1889"]
[BlackElo "2328"]
[WhiteTeam "France"]
[BlackTeam "Ukraine"]
[WhiteFideId "625167"]
[BlackFideId "14101513"]
[EventDate "2020.08.21"]
[EventType "team"]

1. e4 e5 2. Nf3 Nc6 3. Nc3 Nf6 4. g3 d5 5. exd5 Nxd5 6. Bg2 Nxc3 7. bxc3 Be7 8.
d4 exd4 9. cxd4 Bb4+ 10. Bd2 Qe7+ 11. Qe2 Bxd2+ 12. Kxd2 Be6 13. Rhb1 O-O 14.
Ke1 Qa3 15. Kf1 Rad8 16. Qe3 Qa6+ 17. Kg1 Bf5 18. Bf1 Qa4 19. Rxb7 Nxd4 20. Nxd4
Qxd4 21. Qxd4 Rxd4 22. Rxc7 Ra4 23. Bb5 Ra3 24. c4 Bh3 25. Bd7 Bxd7 26. Rxd7 Rc3
27. Rc7 a5 28. c5 Re8 29. Rd1 g6 30. Rdd7 Rf3 31. Kg2 Rf5 32. Rd2 Re4 33. c6 Rc5
34. Rc8+ Kg7 35. c7 Rec4 36. Rd7 Rc2 37. Ra8 Rf5 38. c8=Q Rcxf2+ 39. Kg1 Rf1+
40. Kg2 R1f2+ 41. Kg1 Rf1+ 42. Kg2 R1f2+ 1/2-1/2

[Event "Online Olym Top DivB 2020"]
[Site "chess.com INT"]
[Date "2020.08.21"]
[Round "3.4"]
[Board "2"]
[White "Urkedal, Frode Olav Olsen"]
[Black "Ftacnik, Lubomir"]
[Result "1/2-1/2"]
[WhiteTitle "GM"]
[BlackTitle "GM"]
[WhiteElo "2549"]
[BlackElo "2510"]
[WhiteTeam "Norway"]
[BlackTeam "Slovakia"]
[WhiteFideId "1506102"]
[BlackFideId "14900017"]
[EventDate "2020.08.21"]
[EventType "team"]

1. d4 Nf6 2. c4 g6 3. Nc3 d5 4. cxd5 Nxd5 5. e4 Nxc3 6. bxc3 Bg7 7. Be3 c5 8.
Qd2 Qa5 9. Rc1 cxd4 10. cxd4 Qxd2+ 11. Bxd2 Nc6 12. d5 Nd4 13. Ne2 f5 14. Bc3
Nxe2 15. Kxe2 Bxc3 16. Rxc3 fxe4 17. Ke3 Kf7 18. Rc7 Rd8 19. Bc4 Kf6 20. Bb3 a5
21. Rhc1 a4 22. Bc4 Ra5 23. Rb1 b5 24. Rxb5 Rxb5 25. Bxb5 Rxd5 26. Bc4 Rd8 27.
Kxe4 Bf5+ 28. Ke3 Rd1 29. Rc6+ Kg7 30. Ra6 Rc1 31. Rxa4 Rc3+ 32. Kf4 Kf6 33. f3
e5+ 34. Kg3 e4 35. Bb3 e3 36. Rc4 Rd3 37. Bc2 Rd2 38. Bxf5 gxf5 39. f4 Rxa2 40.
Rc6+ Kg7 41. Rc5 Kf6 42. Re5 Re2 43. h3 h6 44. h4 h5 45. Ra5 Rd2 46. Re5 Re2 47.
Kh3 Re1 48. g3 Re2 49. Re8 Kf7 50. Re5 Kf6 51. Re8 Kf7 52. Re5 Kf6 1/2-1/2

[Event "Online Olym Top DivB 2020"]
[Site "chess.com INT"]
[Date "2020.08.21"]
[Round "3.4"]
[Board "3"]
[White "Movsesian, Julia"]
[Black "Stanford, Sheila Barth"]
[Result "1/2-1/2"]
[WhiteTitle "WGM"]
[BlackTitle "WIM"]
[WhiteElo "2342"]
[BlackElo "2153"]
[WhiteTeam "Slovakia"]
[BlackTeam "Norway"]
[WhiteFideId "4139690"]
[BlackFideId "1500953"]
[EventDate "2020.08.21"]
[EventType "team"]

1. e4 c5 2. Nf3 d6 3. Nc3 Nf6 4. d4 cxd4 5. Qxd4 Nc6 6. Bb5 Bd7 7. Bxc6 Bxc6 8.
Bg5 e6 9. O-O-O Be7 10. Qd3 Qa5 11. h4 h6 12. Bd2 Ng4 13. Qe2 Qa6 14. Qxa6 bxa6
15. Rhf1 Bf6 16. Bf4 Bxc3 17. bxc3 e5 18. Bg3 Bb5 19. Rfe1 Ke7 20. Nd2 Rac8 21.
Kb2 Rb8 22. Nb3 a5 23. f3 Nf6 24. a4 Bd7 25. Bf2 Rb7 26. f4 Bxa4 27. fxe5 Nd7
28. exd6+ Ke6 29. Ra1 Bxb3 30. cxb3 Rhb8 31. Ra3 a4 32. b4 a5 33. Rxa4 axb4 34.
Rxb4 Rxb4+ 35. cxb4 Rxb4+ 36. Kc3 Ra4 37. Bd4 Ra3+ 38. Kb4 Rg3 39. Re2 Kxd6 40.
Bg1 Rg4 41. Kc3 Rxh4 42. Bd4 f6 43. Kd3 Nc5+ 44. Bxc5+ Kxc5 45. Ra2 Rg4 46. Ke3
Kd6 47. Kf3 h5 48. Ra6+ Ke7 49. Ra7+ Ke6 50. g3 Kd6 51. Ra6+ Ke7 52. Ra7+ Ke6
53. Rb7 Kd6 1/2-1/2

[Event "Online Olym Top DivB 2020"]
[Site "chess.com INT"]
[Date "2020.08.21"]
[Round "3.4"]
[Board "4"]
[White "Dolzhikova, Olga"]
[Black "Cibickova, Zuzana"]
[Result "1/2-1/2"]
[WhiteTitle "WGM"]
[BlackTitle "WGM"]
[WhiteElo "2208"]
[BlackElo "2256"]
[WhiteTeam "Norway"]
[BlackTeam "Slovakia"]
[WhiteFideId "14105870"]
[BlackFideId "14905779"]
[EventDate "2020.08.21"]
[EventType "team"]

1. b3 e5 2. Bb2 Nc6 3. e3 Nf6 4. Bb5 Bd6 5. Na3 a6 6. Bxc6 dxc6 7. Nc4 Qe7 8.
Ne2 b5 9. Nxd6+ cxd6 10. O-O O-O 11. Ng3 Nd5 12. c4 Nb6 13. d3 Be6 14. Qe2 f6
15. Rac1 Rac8 16. Rfd1 Rfe8 17. Qf3 Qd7 18. h3 d5 19. cxd5 cxd5 20. d4 e4 21.
Qh5 g6 22. Qe2 Qe7 23. Qd2 b4 24. Rc5 Nd7 25. Ra5 Rc6 26. Rc1 Rxc1+ 27. Qxc1 Qd6
28. a3 bxa3 29. Bxa3 Qb6 30. Qc3 Rb8 31. Bc5 Qxb3 32. Qxb3 Rxb3 33. Rxa6 Kf7 34.
Ne2 g5 35. h4 h6 36. hxg5 hxg5 37. Ra1 Bg4 38. Ng3 Nxc5 39. dxc5 Rc3 40. Ra7+
Ke6 41. Ra6+ Ke7 42. c6 Rc1+ 43. Kh2 Rc2 44. Kg1 Rc1+ 45. Kh2 Rc2 46. Kg1 Rc1+ 1/2-1/2

[Event "Online Olym Top DivB 2020"]
[Site "chess.com INT"]
[Date "2020.08.21"]
[Round "3.5"]
[Board "4"]
[White "Vega Gutierrez, Sabrina"]
[Black "Dauletova, Gulmira"]
[Result "1/2-1/2"]
[WhiteTitle "IM"]
[BlackTitle "WGM"]
[WhiteElo "2380"]
[BlackElo "2319"]
[WhiteTeam "Spain"]
[BlackTeam "Kazakhstan"]
[WhiteFideId "2219026"]
[BlackFideId "13702971"]
[EventDate "2020.08.21"]
[EventType "team"]

1. e4 e5 2. Nf3 Nc6 3. Nc3 Nf6 4. g3 Bc5 5. Bg2 d6 6. O-O a6 7. d3 h6 8. h3 O-O
9. Kh2 Be6 10. Nd2 d5 11. f4 exf4 12. gxf4 dxe4 13. dxe4 Be3 14. Nb3 Qxd1 15.
Rxd1 Bxc1 16. Raxc1 Rad8 17. Nd5 Bxd5 18. exd5 Ne7 19. d6 cxd6 20. Bxb7 d5 21.
a4 Rd6 22. Nc5 Rb6 23. Bxa6 Rxb2 24. Nd3 Ra2 25. Bb5 Rc8 26. Nb4 Ra3 27. Ra1
Rcc3 28. Rxa3 Rxa3 29. Rd3 Ra1 30. Rc3 Ng6 31. Nc6 Ne4 32. Re3 Ra2 33. Nb4 Rb2
34. Rb3 Rxb3 35. cxb3 Nxf4 36. a5 Nd6 37. Bc6 d4 38. a6 Nc8 39. Bd7 Nb6 40. a7
d3 41. Kg3 d2 42. Bg4 g5 43. Kf2 h5 44. Bd1 Nxh3+ 45. Ke3 Nf4 46. Kxd2 h4 47.
Bf3 f5 48. Nd5 Nfxd5 49. Bxd5+ Kg7 50. a8=Q Nxa8 51. Bxa8 Kf6 52. Ke3 Ke5 53. b4
g4 54. b5 f4+ 55. Kd3 f3 56. Ke3 h3 57. Bxf3 gxf3 58. Kxf3 Kd5 59. Kg3 Kc5 60.
Kxh3 Kxb5 1/2-1/2

[Event "Online Olym Top DivB 2020"]
[Site "chess.com INT"]
[Date "2020.08.22"]
[Round "4.1"]
[Board "1"]
[White "Van Foreest, Jorden"]
[Black "Anton Guijarro, David"]
[Result "1/2-1/2"]
[WhiteTitle "GM"]
[BlackTitle "GM"]
[WhiteElo "2682"]
[BlackElo "2688"]
[WhiteTeam "Netherlands"]
[BlackTeam "Spain"]
[WhiteFideId "1039784"]
[BlackFideId "2285525"]
[EventDate "2020.08.21"]
[EventType "team"]

1. e4 c5 2. Nf3 Nc6 3. c3 Nf6 4. e5 Nd5 5. Bc4 Nb6 6. Bb3 d5 7. exd6 exd6 8. O-O
Be7 9. d4 O-O 10. h3 Bf5 11. Na3 d5 12. dxc5 Bxc5 13. Nc2 Qf6 14. Bg5 Qg6 15.
Be3 Bxe3 16. Nxe3 Bxh3 17. Bc2 f5 18. Nh4 Qg5 19. Nf3 Qg6 20. Nh4 Qg5 21. Nf3
Qg6 1/2-1/2

[Event "Online Olym Top DivB 2020"]
[Site "chess.com INT"]
[Date "2020.08.22"]
[Round "4.3"]
[Board "2"]
[White "Ftacnik, Lubomir"]
[Black "Razafindratsima, Timothe"]
[Result "1/2-1/2"]
[WhiteTitle "GM"]
[BlackTitle "FM"]
[WhiteElo "2510"]
[BlackElo "2336"]
[WhiteTeam "Slovakia"]
[BlackTeam "France"]
[WhiteFideId "14900017"]
[BlackFideId "36069884"]
[EventDate "2020.08.21"]
[EventType "team"]

1. Nf3 c5 2. c4 Nc6 3. Nc3 g6 4. e3 Nf6 5. d4 cxd4 6. exd4 d5 7. cxd5 Nxd5 8.
Qb3 Nxc3 9. Bc4 e6 10. bxc3 Bd7 11. Bd3 Bg7 12. O-O O-O 13. Qxb7 Na5 14. Qe4 Rc8
15. Bg5 f6 16. Bd2 Nc4 17. Bxc4 Rxc4 18. Rab1 Qa8 19. Qxa8 Rxa8 20. Rb2 Bf8 21.
Rfb1 Bd6 22. Ne1 Bc6 23. Nc2 Be4 24. Ne3 Ra4 25. Re1 Kf7 26. Nc4 Rxc4 27. Rxe4
Rb8 28. Rxb8 Bxb8 29. Re1 Ra4 30. Rb1 Bd6 31. Rb2 e5 32. Be3 Ke6 33. g3 Rc4 34.
dxe5 Bxe5 35. Bxa7 Rxc3 36. Rd2 Ra3 37. Bc5 Ra4 38. a3 Bc3 39. Rc2 Be5 40. Bb4
h5 41. h3 Kf5 42. Kg2 Bd4 43. Kf3 g5 44. g4+ hxg4+ 45. hxg4+ Kg6 46. Ke4 Be5 47.
Kd5 Ra8 48. Rc4 Bb2 49. Rc6 Bxa3 50. Bc3 Be7 51. Ke6 Bd8 52. f3 Rb8 53. Kd7 Ra8
54. Ke6 Rb8 55. Kd7 Kf7 56. Rc8 Rxc8 57. Kxc8 Ke8 58. Bd4 Be7 59. Kc7 Kf7 60.
Kd7 Bf8 1/2-1/2

[Event "Online Olym Top DivB 2020"]
[Site "chess.com INT"]
[Date "2020.08.22"]
[Round "4.4"]
[Board "4"]
[White "Gaponenko, Inna"]
[Black "Mammadova, Gulnar"]
[Result "1/2-1/2"]
[WhiteTitle "IM"]
[BlackTitle "IM"]
[WhiteElo "2396"]
[BlackElo "2382"]
[WhiteTeam "Ukraine"]
[BlackTeam "Azerbaijan"]
[WhiteFideId "14101181"]
[BlackFideId "13403508"]
[EventDate "2020.08.21"]
[EventType "team"]

1. e4 e6 2. d4 d5 3. Nc3 Bb4 4. a3 Bxc3+ 5. bxc3 dxe4 6. Qg4 Nf6 7. Qxg7 Rg8 8.
Qh6 c5 9. Ne2 Nc6 10. dxc5 Rg6 11. Qh4 Rg4 12. Qh6 Rg6 13. Qh4 Rg4 14. Qh6 Rg6 1/2-1/2

[Event "Online Olym Top DivB 2020"]
[Site "chess.com INT"]
[Date "2020.08.22"]
[Round "4.4"]
[Board "6"]
[White "Berdnyk, Mariia"]
[Black "Balajayeva, Khanim"]
[Result "1/2-1/2"]
[WhiteTitle "FM"]
[BlackTitle "WGM"]
[WhiteElo "2324"]
[BlackElo "2376"]
[WhiteTeam "Ukraine"]
[BlackTeam "Azerbaijan"]
[WhiteFideId "14137054"]
[BlackFideId "13406396"]
[EventDate "2020.08.21"]
[EventType "team"]

1. d4 Nf6 2. c4 e6 3. g3 Bb4+ 4. Bd2 Qe7 5. Nf3 Nc6 6. Nc3 Bxc3 7. Bxc3 Ne4 8.
Rc1 O-O 9. Bg2 d6 10. d5 Nxc3 11. Rxc3 Nb8 12. O-O e5 13. b4 a5 14. a3 Na6 15.
Qb3 Bg4 16. Qb2 axb4 17. axb4 c5 18. dxc6 bxc6 19. h3 Bxf3 20. Bxf3 Rab8 21.
Bxc6 Nxb4 22. Bb5 Nc6 23. e3 Na7 24. Rb3 Nxb5 25. cxb5 Rb6 26. Rc1 Qd7 27. Kh2
Rfb8 28. e4 h6 29. Rb1 f5 30. Qe2 fxe4 31. Qxe4 Qe6 32. f4 Kh8 33. R3b2 Qe8 1/2-1/2

[Event "Online Olym Top DivB 2020"]
[Site "chess.com INT"]
[Date "2020.08.22"]
[Round "5.1"]
[Board "6"]
[White "Roebers, Eline"]
[Black "Marais, Nina"]
[Result "1/2-1/2"]
[BlackTitle "WCM"]
[WhiteElo "2066"]
[BlackElo "1685"]
[WhiteTeam "Netherlands"]
[BlackTeam "South Africa"]
[WhiteFideId "1058401"]
[BlackFideId "14306883"]
[EventDate "2020.08.21"]
[EventType "team"]

1. e4 e6 2. d4 d5 3. Nc3 Nf6 4. Bg5 Bb4 5. e5 h6 6. Bd2 Bxc3 7. bxc3 Ne4 8. Bc1
Nxc3 9. Qf3 Ne4 10. Bd3 c5 11. Ne2 Nc6 12. Bxe4 dxe4 13. Qxe4 cxd4 14. f4 Qa5+
15. Kf2 O-O 16. Rd1 f6 17. exf6 Rxf6 18. Nxd4 e5 19. Nb3 Qc7 20. g3 Bg4 21. Re1
exf4 22. gxf4 Raf8 23. Kg1 Bf5 24. Qc4+ Kh8 25. Bb2 Rg6+ 26. Kh1 Bh3 27. Rg1
Rxg1+ 28. Rxg1 Rf7 29. Qd3 Bf5 30. Qf3 Nb4 31. Nd4 Bxc2 32. Ne6 Qc6 33. Qxc6
bxc6 34. Rxg7 Rxg7 35. Bxg7+ Kh7 36. Bd4 Nxa2 37. Bxa7 Nb4 38. Kg1 Kg6 39. Bc5
Nd5 40. Kf2 Bf5 41. Nd4 Nxf4 42. Kf3 Nd3 43. Bd6 c5 44. Ne2 c4 45. Nf4+ Kf6 46.
Nxd3 cxd3 47. Bf4 h5 48. h4 Ke6 49. Ke3 Kd5 50. Kd2 Ke4 51. Bg5 Kf3 52. Bd8 Kg4
53. Bg5 Kf3 1/2-1/2

[Event "Online Olym Top DivB 2020"]
[Site "chess.com INT"]
[Date "2020.08.22"]
[Round "5.3"]
[Board "4"]
[White "Mammadova, Gulnar"]
[Black "Cibickova, Zuzana"]
[Result "1/2-1/2"]
[WhiteTitle "IM"]
[BlackTitle "WGM"]
[WhiteElo "2382"]
[BlackElo "2256"]
[WhiteTeam "Azerbaijan"]
[BlackTeam "Slovakia"]
[WhiteFideId "13403508"]
[BlackFideId "14905779"]
[EventDate "2020.08.21"]
[EventType "team"]

1. e4 e5 2. Nf3 Nc6 3. Bc4 Nf6 4. d3 Be7 5. O-O O-O 6. Re1 d6 7. a4 Na5 8. Ba2
c5 9. c3 Nc6 10. Na3 h6 11. Bd2 a6 12. b4 cxb4 13. cxb4 Bg4 14. Nc2 d5 15. exd5
Nxd5 16. Bxd5 Qxd5 17. Ne3 Bxf3 18. Nxd5 Bxd1 19. Nxe7+ Nxe7 20. Raxd1 Ng6 21.
g3 Rad8 22. Bc3 Rd5 23. h4 h5 24. Re3 Rfd8 25. Kf1 f6 26. Ke2 Kf7 27. Re4 Nf8
28. a5 Ne6 29. Rc4 Kg6 30. Rd2 Kf5 31. Rd1 Kg6 32. Rd2 R8d7 33. Rd1 Kf7 34. Rd2
Rd8 35. Rd1 R8d7 36. Rd2 Rd8 37. Rd1 1/2-1/2

[Event "Online Olym Top DivB 2020"]
[Site "chess.com INT"]
[Date "2020.08.22"]
[Round "5.5"]
[Board "1"]
[White "Anton Guijarro, David"]
[Black "Urkedal, Frode Olav Olsen"]
[Result "1/2-1/2"]
[WhiteTitle "GM"]
[BlackTitle "GM"]
[WhiteElo "2688"]
[BlackElo "2549"]
[WhiteTeam "Spain"]
[BlackTeam "Norway"]
[WhiteFideId "2285525"]
[BlackFideId "1506102"]
[EventDate "2020.08.21"]
[EventType "team"]

1. Nf3 d5 2. c4 d4 3. b4 g5 4. h3 h6 5. d3 Bg7 6. g3 e5 7. Nbd2 Ne7 8. Bg2 O-O
9. Nb3 c6 10. O-O Ng6 11. e3 dxe3 12. Bxe3 Na6 13. Qd2 e4 14. dxe4 Qxd2 15. Bxd2
Bxa1 16. Rxa1 Be6 17. Na5 Rad8 18. a3 Rd7 19. Be3 Rfd8 20. Kh2 c5 21. bxc5 Rc8
22. c6 bxc6 23. Nd4 c5 24. Nb5 Ne5 25. Rc1 g4 26. Bxh6 gxh3 27. Bxh3 Ng4+ 28.
Bxg4 Bxg4 29. Kg2 Rd3 30. Be3 Re8 31. Nc3 Bh5 32. Nd5 Kg7 33. Nf4 Bg6 34. Nxd3
Bxe4+ 35. f3 Bxd3 36. Kf2 Rb8 37. g4 Rb2+ 38. Kg3 Rc2 39. Rxc2 Bxc2 40. Bf4 Kf6
41. Kf2 Ke6 42. Ke3 Kd7 43. Kd2 Ba4 44. Nb7 Bc6 45. Nd6 Bxf3 46. Nxf7 Be4 47.
Ke3 Bb1 48. Ne5+ Kc7 49. g5 Kb6 50. g6 Ka5 51. Nd3 Ba2 52. Nb2 Bb1 53. g7 Bh7
54. Bd6 Kb6 55. Kf4 Kc6 56. Ke5 Bg8 57. a4 Kd7 58. Bf8 Kc6 59. Kf6 Kd7 60. a5
Ke8 61. Na4 Bxc4 62. Bxc5 Bg8 63. Bxa7 Bb3 64. Nc5 Nxc5 65. Bxc5 Kd7 66. a6 Kc6
67. Ke7 Kc7 68. Ba7 Kc8 69. Kd6 Bg8 70. Kc6 Ba2 71. Kb6 Bg8 72. Kc5 Bf7 73. Kd6
Bg8 74. Ke7 Kc7 75. Kf8 Ba2 76. g8=Q Bxg8 77. Kxg8 Kc6 78. Be3 Kc7 79. Kf7 Kb8
80. Ba7+ Kxa7 81. Ke6 Kxa6 1/2-1/2

[Event "Online Olym Top DivB 2020"]
[Site "chess.com INT"]
[Date "2020.08.22"]
[Round "6.1"]
[Board "1"]
[White "Van Foreest, Jorden"]
[Black "Agdestein, Simen"]
[Result "1/2-1/2"]
[WhiteTitle "GM"]
[BlackTitle "GM"]
[WhiteElo "2682"]
[BlackElo "2552"]
[WhiteTeam "Netherlands"]
[BlackTeam "Norway"]
[WhiteFideId "1039784"]
[BlackFideId "1500015"]
[EventDate "2020.08.21"]
[EventType "team"]

1. e4 c5 2. Nf3 Nc6 3. c3 d5 4. exd5 Qxd5 5. d4 Nf6 6. Be3 cxd4 7. cxd4 e6 8.
Nc3 Qd6 9. Bd3 Be7 10. O-O O-O 11. a3 Rd8 12. Qe2 Bd7 13. Rac1 Rac8 14. Rfd1 h6
15. h3 Be8 16. b4 Bf8 17. Ne4 Qe7 18. Bb1 Nd5 19. Bd2 a6 20. Qd3 g6 21. h4 Bg7
22. h5 f5 23. Nc5 g5 24. Re1 Bf7 25. g4 fxg4 26. Bxg5 Nf6 27. Bxf6 Qxf6 28. Ne5
Nxe5 29. dxe5 Qg5 30. Nd7 Bxh5 31. Nf6+ Bxf6 32. Rxc8 Rxc8 33. exf6 Qxf6 34.
Qh7+ Kf8 35. Qxb7 Rc3 36. Be4 g3 37. Rf1 Be2 38. Qb8+ Kg7 39. Qa7+ Kf8 40. Qb8+
Kf7 41. Qa7+ Ke8 42. Qb8+ Kd7 43. Qa7+ Ke8 44. Qb8+ Kd7 45. Qa7+ Ke8 1/2-1/2

[Event "Online Olym Top DivB 2020"]
[Site "chess.com INT"]
[Date "2020.08.22"]
[Round "6.1"]
[Board "2"]
[White "Urkedal, Frode Olav Olsen"]
[Black "Bok, Benjamin"]
[Result "1/2-1/2"]
[WhiteTitle "GM"]
[BlackTitle "GM"]
[WhiteElo "2549"]
[BlackElo "2624"]
[WhiteTeam "Norway"]
[BlackTeam "Netherlands"]
[WhiteFideId "1506102"]
[BlackFideId "1017063"]
[EventDate "2020.08.21"]
[EventType "team"]

1. d4 Nf6 2. c4 e6 3. Nf3 d5 4. Nc3 Bb4 5. cxd5 exd5 6. Bg5 h6 7. Bh4 O-O 8. e3
Bf5 9. Qb3 Bxc3+ 10. Qxc3 g5 11. Bg3 Ne4 12. Qa3 h5 13. Rc1 Nc6 14. Ne5 Nxe5 15.
Bxe5 f6 16. Bg3 h4 17. f3 hxg3 18. fxe4 Bxe4 19. hxg3 c6 20. Bd3 Re8 21. Kf2 Qd7
22. Kg1 Kg7 23. Rf1 a6 24. Qb3 Re7 25. Bxe4 Rxe4 26. Qd1 Qf7 27. Qf3 Rae8 28.
Re1 Qg6 29. Kf2 g4 30. Qe2 Qf5+ 31. Kg1 Rxe3 32. Qxe3 Rxe3 33. Rxe3 Qb1+ 34. Kh2
Qxb2 35. Rb3 Qxd4 36. Rxb7+ Kg6 37. Rf1 Qe5 38. Rb6 c5 39. Rxa6 c4 40. Rc6 c3
41. a4 d4 42. a5 d3 43. a6 c2 44. a7 Qh5+ 45. Kg1 Qa5 46. Rcxf6+ Kg7 47. Rf7+
Kg6 48. R7f6+ Kg7 49. Rf7+ Kg6 50. R7f6+ 1/2-1/2

[Event "Online Olym Top DivB 2020"]
[Site "chess.com INT"]
[Date "2020.08.22"]
[Round "6.1"]
[Board "6"]
[White "Kvendseth, Thyra"]
[Black "Roebers, Eline"]
[Result "1/2-1/2"]
[WhiteElo "2017"]
[BlackElo "2066"]
[WhiteTeam "Norway"]
[BlackTeam "Netherlands"]
[WhiteFideId "1520628"]
[BlackFideId "1058401"]
[EventDate "2020.08.21"]
[EventType "team"]

1. Nf3 f5 2. g3 Nf6 3. Bg2 g6 4. O-O Bg7 5. d4 O-O 6. c4 d6 7. Nc3 Qe8 8. Bf4
Nfd7 9. Nd5 Na6 10. Qb3 c6 11. Nb4 Nxb4 12. Qxb4 e5 13. dxe5 dxe5 14. Be3 e4 15.
Nd2 Ne5 16. Rad1 Ng4 17. Qb3 Be6 18. Bc5 Rf7 19. h3 Ne5 20. a4 Rd8 21. a5 Rfd7
22. Be3 Qf7 23. Qc2 Nxc4 24. Nxc4 Bxc4 25. Bxa7 Rxd1 26. Rxd1 Rxd1+ 27. Qxd1
Bxb2 28. Qd8+ Kg7 29. Bd4+ Bxd4 30. Qxd4+ Kg8 31. Qd8+ Kg7 32. Qd4+ Kf8 33. Qc5+
Kg8 34. e3 Qd5 35. Qe7 Ba6 36. Qe8+ Kg7 37. Qe7+ Qf7 38. Qe5+ Kf8 39. Qb8+ Ke7
40. Bf1 Kf6 41. Bxa6 bxa6 42. Qd6+ Qe6 43. Qd8+ Kf7 44. Qc7+ Kg8 45. Qb8+ Kg7
46. Qb7+ Kh6 47. Qxa6 Qa2 48. Qb6 Qa1+ 49. Kg2 Qd1 50. Qb2 Qa4 51. Qc3 Qa2 52.
Qc5 Qe2 53. Qxc6 Qf3+ 54. Kg1 Qd1+ 55. Kh2 Qe2 56. Kg2 Qf3+ 1/2-1/2

[Event "Online Olym Top DivB 2020"]
[Site "chess.com INT"]
[Date "2020.08.22"]
[Round "6.2"]
[Board "1"]
[White "Maurizzi, Marc Andria"]
[Black "Anton Guijarro, David"]
[Result "1/2-1/2"]
[WhiteTitle "IM"]
[BlackTitle "GM"]
[WhiteElo "2433"]
[BlackElo "2688"]
[WhiteTeam "France"]
[BlackTeam "Spain"]
[WhiteFideId "36083534"]
[BlackFideId "2285525"]
[EventDate "2020.08.21"]
[EventType "team"]

1. e4 c5 2. Nf3 Nc6 3. Nc3 g6 4. Bb5 Bg7 5. O-O e5 6. a3 Nge7 7. b4 d6 8. bxc5
dxc5 9. d3 O-O 10. Bc4 h6 11. a4 Kh7 12. h3 f5 13. Bd2 Nd4 14. exf5 gxf5 15.
Nxd4 cxd4 16. Ne2 f4 17. Kh2 Ng6 18. Ng1 Bf5 19. Nf3 Rc8 20. Bb3 Qd7 21. Re1
Rfe8 22. a5 Qc7 23. Rc1 e4 24. dxe4 Rxe4 25. Rxe4 Bxe4 26. Qe2 Qc6 27. Re1 Bxf3
28. Qxf3 Qxf3 29. gxf3 Rd8 30. Re6 d3 31. cxd3 Rxd3 32. Bc2 Rxd2 33. Bxg6+ Kg8
34. Re8+ Bf8 35. Be4 Rxf2+ 36. Kg1 Rb2 37. Rb8 Kg7 38. Rxb7+ Rxb7 39. Bxb7 1/2-1/2

[Event "Online Olym Top DivB 2020"]
[Site "chess.com INT"]
[Date "2020.08.22"]
[Round "6.3"]
[Board "3"]
[White "Mammadzada, Gunay"]
[Black "Assaubayeva, Bibisara"]
[Result "1/2-1/2"]
[WhiteTitle "IM"]
[BlackTitle "FM"]
[WhiteElo "2443"]
[BlackElo "2378"]
[WhiteTeam "Azerbaijan"]
[BlackTeam "Kazakhstan"]
[WhiteFideId "13403729"]
[BlackFideId "13708694"]
[EventDate "2020.08.21"]
[EventType "team"]

1. e4 e5 2. Nf3 Nc6 3. Bb5 a6 4. Ba4 Nf6 5. O-O Be7 6. Re1 b5 7. Bb3 d6 8. c3
O-O 9. h3 Bb7 10. d4 Nd7 11. a4 Na5 12. Bc2 c5 13. d5 c4 14. Be3 Qc7 15. Na3
bxa4 16. Bxa4 Nc5 17. Bc2 Bc8 18. Nd2 Nd3 19. Bxd3 cxd3 20. b4 Nb7 21. Ndc4 f5
22. f3 Bh4 23. Rf1 f4 24. Bb6 Qe7 25. Bf2 Qg5 26. Bxh4 Qxh4 27. Rf2 Rf6 28. Nb6
Bxh3 29. Nxa8 Bd7 30. Rd2 Rh6 31. Rxd3 Qh2+ 32. Kf1 Qg3 33. Kg1 Qh2+ 34. Kf1 Qg3
35. Kg1 Qh2+ 1/2-1/2

[Event "Online Olym Top DivB 2020"]
[Site "chess.com INT"]
[Date "2020.08.22"]
[Round "6.3"]
[Board "6"]
[White "Kamalidenova, Meruert"]
[Black "Balajayeva, Khanim"]
[Result "1/2-1/2"]
[WhiteTitle "WFM"]
[BlackTitle "WGM"]
[WhiteElo "2231"]
[BlackElo "2376"]
[WhiteTeam "Kazakhstan"]
[BlackTeam "Azerbaijan"]
[WhiteFideId "13712802"]
[BlackFideId "13406396"]
[EventDate "2020.08.21"]
[EventType "team"]

1. e4 c6 2. d4 d5 3. Nd2 dxe4 4. Nxe4 Nf6 5. Nxf6+ exf6 6. Bc4 Be7 7. c3 O-O 8.
Bf4 Bd6 9. Bxd6 Qxd6 10. Ne2 Nd7 11. O-O Nb6 12. Bd3 Be6 13. Ng3 Nd5 14. Qf3 Qf4
15. Qxf4 Nxf4 16. Bf5 Rfe8 17. Rfe1 Bxa2 18. Rxe8+ Rxe8 19. f3 Bc4 20. Ne4 Ba6
21. Bd7 Re7 22. Bxc6 f5 23. Nd6 bxc6 24. Rxa6 Re1+ 25. Kf2 Re2+ 26. Kf1 Rxb2 27.
Nxf5 g5 28. Rxa7 Rb1+ 29. Kf2 Rb2+ 30. Ke1 h5 31. Ne7+ Kg7 32. Nxc6 Nxg2+ 33.
Kf1 Ne3+ 34. Ke1 Ng2+ 35. Kf1 Ne3+ 36. Ke1 Ng2+ 1/2-1/2